Ecosystem flux measurements in rubber plantations (Record no. 57649)

MARC details
000 -LEADER
fixed length control field 00494nam a2200193Ia 4500
100 ## - MAIN ENTRY--AUTHOR NAME
Personal name Annamalainathan K
245 #0 - TITLE STATEMENT
Title Ecosystem flux measurements in rubber plantations
260 ## - PUBLICATION, DISTRIBUTION, ETC. (IMPRINT)
Name of publisher Natural Rubber Research
Year of publication 2011
300 ## - PHYSICAL DESCRIPTION
Number of Pages 28-37
650 ## - SUBJECT ADDED ENTRY--TOPICAL TERM
Topical Term Atmospheric flux
650 ## - SUBJECT ADDED ENTRY--TOPICAL TERM
Topical Term Biomass
650 ## - SUBJECT ADDED ENTRY--TOPICAL TERM
Topical Term Carbon sequestration
650 ## - SUBJECT ADDED ENTRY--TOPICAL TERM
Topical Term Eddy covariance
650 ## - SUBJECT ADDED ENTRY--TOPICAL TERM
Topical Term NEE
700 ## - ADDED ENTRY--PERSONAL NAME
Personal name Jacob J
700 ## - ADDED ENTRY--PERSONAL NAME
Personal name Satheesh P R
942 ## - ADDED ENTRY ELEMENTS (KOHA)
Koha item type Journals
Holdings
Withdrawn status Lost status Damaged status Not for loan Home library Current library Shelving location Date acquired Serial Enumeration / chronology Koha item type
      Journals RRII Library RRII Library Physiology 17/12/2021 Volume 24, Issue 1 Journals